Score 0/50 Timer 05:00
0 Plays Today
% Correct
Ugly
91.5%
Coming
90.1%
Afraid
90.1%
Grand
89.8%
Peace
89.3%
Seasons
87.7%
Magnificent
87.7%
Years
87.2%
Fahrenheit
86.9%
Bottom
85%
Dorado
83.5%
War
80.5%
Wrong
80.2%
Frankie
78.7%
Prince
78.6%
Free
78.5%
Man
76.9%
Forum
74.5%
Cookie
74.4%
Home
72.3%
Tiger
70.4%
Beau
70%
Trouble
69.7%
Row
67.1%
Follow
66.6%
% Correct
Million
63.8%
Fantastic
63%
River
59%
Girl
56.5%
Curtain
55.5%
Property
51.3%
Giant
48.2%
Pebbles
47.5%
Blow
45.6%
Death
42.7%
Duel
38%
Duck
36.8%
Triple
36.4%
Chicken
33.9%
Blue
33.8%
Memorandum
33.7%
Modesty
33.5%
Chelsea
32.6%
Drifter
32%
Smith
31.8%
Funeral
30.1%
Dachshund
26.6%
Women
24.8%
Flintstone
24.3%
Angels
17.6%
Remove Ads.
Support Sporcle.
Get the best of Sporcle when you Go Orange. This ad-free experience offers more features, more stats, and more fun while also helping to support Sporcle. Thank you for becoming a member.

You're not logged in!

Compare scores with friends on all Sporcle quizzes.
OR
Log In

Sporcle TV

Today on Sporcle TV


Watch our educational content, quiz creation guides, and fun videos on Sporcle TV.

Show Comments

Extras

Top Quizzes Today


Score Distribution

Paid Content

Your Account Isn't Verified!

In order to create a playlist on Sporcle, you need to verify the email address you used during registration. Go to your Sporcle Settings to finish the process.

Report this User

Report this user for behavior that violates our Community Guidelines.

Details: